Scripting Bollywood: (Record no. 186975)

MARC details
000 -LEADER
fixed length control field 00602 a2200181 4500
005 - DATE AND TIME OF LATEST TRANSACTION
control field 20220324142616.0
010 ## - LCCN (DPL NO)
LC control number ENG-132111
020 ## - INTERNATIONAL STANDARD BOOK NUMBER
International Standard Book Number 9789385606335
Terms of availability 675.00
035 ## - SYSTEM CONTROL NUMBER
System control number EN-115643
037 ## - SOURCE OF ACQUISITION
Source of stock number/acquisition DBAD/PUB
082 ## - DEWEY DECIMAL CLASSIFICATION NUMBER
Classification number 777
100 ## - MAIN ENTRY--PERSONAL NAME
Personal name Yadav,Anubha
245 ## - TITLE STATEMENT
Title Scripting Bollywood:
Remainder of title Candid Conversations with Women Who Write Cinema/
Statement of responsibility, etc Anubhav Yadav
260 ## - PUBLICATION, DISTRIBUTION, ETC. (IMPRINT)
Place of publication, distribution, etc New Delhi
Name of publisher, distributor, etc Women Unlimited (an associate of Kali for Women)
Date of publication, distribution, etc 2021
270 ## - ADDRESS
Address 7/10, First Floor, Sarvapriya Vihar
City New Delhi
Postal code 110016
300 ## - PHYSICAL DESCRIPTION
Extent xvii, 300p
Dimensions 22cm (pbk)
942 ## - ADDED ENTRY ELEMENTS (KOHA)
Source of classification or shelving scheme Dewey Decimal Classification
Item type English Books
Classification part 777
Call number suffix YAD
Holdings
Withdrawn status Lost status Not for loan Collection code Home library Current library Date acquired Source of acquisition Cost, normal purchase price Full call number Barcode Copy number Cost, replacement price Koha item type
      Non-fiction Central Library Central Library 24/03/2022 DBAD/PUB 675.00 777 YAD EN-115643 1 675.00 English Books

© Delhi Public Library
Hit Counter
free hit counter